Nilai perkembangan diri dalam mazmur-mazmur Suntharamurthi Nayanar dan kerelevanannya dalam subjek Pendidikan Moral di Malaysia /
محفوظ في:
| المؤلف الرئيسي: | |
|---|---|
| التنسيق: | أطروحة كتاب |
| اللغة: | Malay |
| منشور في: |
2019.
|
| الموضوعات: | |
| الوسوم: |
إضافة وسم
لا توجد وسوم, كن أول من يضع وسما على هذه التسجيلة!
|
| LEADER | 01251cam a2200301 i 4500 | ||
|---|---|---|---|
| 001 | u1127651 | ||
| 003 | SIRSI | ||
| 005 | 201912021259 | ||
| 008 | 191202s2019 my a m 000 0 may | ||
| 040 | |a UMM |e rda | ||
| 043 | |a a-my--- | ||
| 090 | |a DS404 |b UM 2019 Sha | ||
| 100 | 0 | |a Sharmila Sathasivam, |e author. | |
| 245 | 1 | 0 | |a Nilai perkembangan diri dalam mazmur-mazmur Suntharamurthi Nayanar dan kerelevanannya dalam subjek Pendidikan Moral di Malaysia / |c Sharnila a/p Sathasivam. |
| 264 | 1 | |c 2019. | |
| 300 | |a xiii, 362 leaves : |b illustrations ; |c 30 cm | ||
| 336 | |a text |2 rdacontent | ||
| 337 | |a unmediated |2 rdamedia | ||
| 338 | |a volume |2 rdacarrier | ||
| 502 | |b M.A |c Jabatan Pengajian India, Fakulti Sastera dan Sains Sosial, Universiti Malaya |d 2019. | ||
| 504 | |a Bibliography: leaves 354-362. | ||
| 650 | 0 | |a Moral education |z Malaysia. | |
| 650 | 0 | |a Moral education (Secondary) |z Malaysia. | |
| 650 | 0 | |a Hindu hymns |z Malaysia. | |
| 710 | 2 | |a Universiti Malaya. |b Jabatan Pengajian India, |e degree granting institution. | |
| 900 | |a NNANS NSM | ||
| 596 | |a 1 | ||
| 999 | |a DS404 UM 2019 SHA |w LC |c 1 |i A516414009 |d 3/7/2023 |e 3/7/2023 |f 5/12/2019 |g 1 |l STACKS |m P01UTAMA |n 8 |r Y |s Y |t TESIS |u 2/12/2019 |1 AHSS |o .STAFF. Surat agreement & Cd tidak disertakan (FSSS). | ||
